000 00774nas a2200241 4500
001 BR2011003822
003 BR-BrBNA
005 20231205115439.0
007 ta
008 230509b bl.|||p| |||| 00| 00por d
040 _aBR-BrBNA
_bpor
_cBiblioteca Nacional de Agricultura
041 _a(Pt)
072 _aQ70
100 1 _aFerreira, F.D.
100 1 _aCoraiola, M.
245 1 _aEficiência do lodo ativado em fluxo contínuo para tratamento de esgoto
650 _aLODO RESIDUAL
650 _aSANEAMENTO RURAL
650 _aTRATAMENTO DE ESGOTO
773 0 _tRevista Acadêmica. Ciências Agrárias e Ambientais (Brazil)
_xISSN 0103-989X
_g(Apr-Jun 2008), v. 6(2) p. 259-279
_wBR2011003822
909 _a202311
_bLúcia
_c55
_dLúcia Elande
942 _2AGRIS
_n0
_cANA
999 _c213861
_d213861